00554nam a2200169Ia 4500008004100000020001500041041000800056082001700064100001800081245004900099250000600148260003900154300001200193650003400205999001900239952012600258210716s2004 xx 000 0 und d a8178089343 aeng a332.644 HULJ aHull, John C. aFundamentals of futures and options markets. a4 aNew DelhibPearson Educationc2004 axix,491 aDerivatives & Risk Management c199110d199110 001040708MBAaAIMITbAIMITd2005-07-04g250.00l0o332.644 HULJpMBA01675r2026-05-23 00:00:00v200.00w2021-07-16yBK